00342nam a22001217a 4500008004100000082002000041245008100061260003600142300000800178440000700186942001200193999001500205230621b xxu||||| |||| 00| 0 eng d a328.3bIPU 2006 aThe World of Parliaments bQuarterly Review of the Inter-Parliamentary Union bInter-Parliamentary Unionc2006 a12p n20 2ddccBK c2237d2237